Movies Quiz

Random Movies or Box Office Quiz

Highest Grossing Movies (2012) Quiz Stats

Quiz Updated Nov 3, 2017

Challenge
Share
Tweet
Score 0/30 Timer 08:00
0 Plays Today
% Correct
The Avengers
97.2%
The Hunger Games
96%
Ted
95.9%
The Hobbit: An Unexpected Journey
95%
Brave
89.5%
Ice Age: Continental Drift
88.2%
Taken 2
86%
21 Jump Street
84.5%
Magic Mike
83.7%
Madagascar 3: Europe's Most Wanted
83.7%
The Dark Knight Rises
83.5%
The Amazing Spider-Man
83.1%
Men in Black 3
82.9%
Wreck-It Ralph
82.8%
Lincoln
80.4%
% Correct
Django Unchained
79.9%
Skyfall
78.4%
The Lorax
76.8%
Life of Pi
73.1%
Silver Linings Playbook
72.8%
Argo
70.1%
The Twilight Saga: Breaking Dawn Part 2
68.7%
Hotel Transylvania
62.7%
Les Misérables
62.4%
Snow White and the Huntsman
52.9%
Prometheus
48.8%
The Bourne Legacy
41.3%
Journey 2: The Mysterious Island
24%
Safe House
22%
The Vow
18.8%

You're not logged in!

Compare scores with friends on all Sporcle quizzes.
Join for Free
OR
Log In

You Might Also Like...

Show Comments

Extras

Top Quizzes Today


Score Distribution

Your Account Isn't Verified!

In order to create a playlist on Sporcle, you need to verify the email address you used during registration. Go to your Sporcle Settings to finish the process.

Report this User

Report this user for behavior that violates our Community Guidelines.

Details: